Countries with the Most Buddhists - Statistics

General Stats
  • This quiz has been taken 58 times
  • The average score is 17 of 20
Answer Stats
Buddhists Country % Correct
244,130,000 China
98%
8,442,972 India
96%
45,820,000 Japan
94%
4,950,000 Taiwan
94%
2,062,150 Indonesia
92%
11,050,000 South Korea
92%
14,380,000 Vietnam
92%
13,690,000 Cambodia
90%
4,100,000 Laos
90%
45,185,449 Myanmar
90%
3,080,000 Nepal
90%
63,299,193 Thailand
90%
14,272,056 Sri Lanka
88%
5,010,000 Malaysia
86%
3,570,000 United States
86%
1,730,000 Singapore
84%
1,861,600 Philippines
76%
1,520,000 Mongolia
74%
720,000 Bangladesh
68%
930,000 Hong Kong
18%
No matching quizzes found
Score Distribution
Percent of People with Each Score
Percentile by Number Answered
Your Score History
You have not taken this quiz